01030cam a22002294a 4500001000500000005001700005020001800022040002300040050001900063082001100082100002000093245005100113260004200164300004700206490010300253505000800356520026200364521002000626521002000646650006800666650006600734358120250821142725.0 a9780516247823 aDLCcDLCdDLCbeng00aS417.C3b 200500a630.921 aKittinger, Jo S10aGeorge Washington Carver /cby Jo S. Kittinger aNew York :bChildren's Press , c2005 a24 pages : bcolor illustrations ;c21 cm. a Scholastic News Nonfiction Readers: Biographies, Scholastic News Nonfiction Readers (Biographies)0 aJ  aExplore space, fly an airplane, find new lands, and make new discoveries with inventors, explorers, and scientists. Young readers will learn about these great people and their accomplishments, and how they helped pave the way for others who came after them. a480 bLexile  aJ bRaz-Plus  0aAfrican American agriculturistsvBiographyvJuvenile literature 0aAgriculturistszUnited StatesvBiographyvJuvenile literature